000 00568pam a2200217 a 4500
001 4261325
005 20180216051657.0
008 840711s1984 cau b 001 0 eng
010 _a 84047983
020 _a0875896154 (alk. paper)
040 _aDLC
_cDLC
_dDLC
041 _aeng
080 _a378.125 ERI
082 0 0 _a378.125 ERI
_219
100 1 _a47
101 _aEDU
245 1 4 _aThe essence of good teaching /
_cStanford C. Ericksen.
504 _aBibliography: p. 167-174.
906 _a7
_bcbc
_corignew
_d1
_eocip
_f19
_gy-gencatlg
942 _2ddc
_cBK
999 _c42781
_d42781